LIBRARY ONLINE CATALOGUE

Globus 2001. (Record no. 15523)

MARC details
000 -LEADER
fixed length control field 00399nam a22001692 4500
001 - CONTROL NUMBER
control field 0000008739
005 - DATE AND TIME OF LATEST TRANSACTION
control field 20151217161725.0
008 - FIXED-LENGTH DATA ELEMENTS--GENERAL INFORMATION
fixed length control field 080522s xx 000 0 eng d
020 ## - INTERNATIONAL STANDARD BOOK NUMBER
Terms of availability KES
040 ## - CATALOGING SOURCE
Original cataloging agency KABU
Transcribing agency KABU
245 10 - TITLE STATEMENT
Title Globus 2001.
300 ## - PHYSICAL DESCRIPTION
Dimensions cm.
650 #0 - SUBJECT ADDED ENTRY--TOPICAL TERM
Topical term or geographic name as entry element Globes.
-- 0000132268
908 ## - PUT COMMAND PARAMETER (RLIN)
Put command parameter 080522
950 ## - LOCAL HOLDINGS (RLIN)
-- 1
Holdings
Withdrawn status Lost status Source of classification or shelving scheme Not for loan Home library Current library Date acquired Total Checkouts Full call number Barcode Date last seen Price effective from Koha item type
    Library of Congress Classification   Kabarak, Main Campus Kabarak, Main Campus 17/12/2015   G3170 .G56 2001 c. 1 008984 17/12/2015 17/12/2015 Visual Materials